[Event "Seefeld-Casino op 19th"]
[Site "Seefeld/Tirol (5.9.-13.9)"]
[Date "2008.09.07"]
[Round "3.19"]
[White "Neubauer, Kai(65)"]
[Black "Wiesbeck, Florian"]
[Result "1/2-1/2"]
[WhiteElo "1981"]
[BlackElo "1887"]
[PlyCount "73"]
[EventDate "2008.09.??"]
[EventType "swiss"]
[EventRounds "9"]
[Source "Ganslmayer"]
[SourceDate "2010.03.14"]
[WhiteTeam "ITA/Scacchilatorre"]
[BlackTeam "AUT/Moosburg SV"]
[WhiteTeamCountry "ITA"]
[BlackTeamCountry "AUT"]

1. d4 d5 2. c4 dxc4 3. Nf3 Nf6 4. g3 Bf5 5. Bg2 c6 6. O-O Nbd7 7. Nbd2 Nb6 8.
Nh4 Be6 9. e3 g5 10. Nhf3 h6 11. Qc2 Nfd7 12. Rd1 Qc7 13. a4 a5 14. Nf1 Bg7 15.
Bd2 O-O 16. e4 Rfc8 17. Bc3 Nf6 18. Ne3 Ng4 19. Nf1 Nf6 20. h4 g4 21. Ne5 Nfd7
22. Nxd7 Bxd7 23. Qd2 e5 24. dxe5 Bxe5 25. Bxa5 Be6 26. Bxb6 Qxb6 27. Qxh6 Qxb2
28. Rab1 Bg7 29. Qe3 Qe5 30. Rxb7 Rxa4 31. Rc1 c5 32. Qe2 Rb4 33. Ra7 c3 34.
Ne3 Rb2 35. Rc2 Rcb8 36. Ra1 Bb3 37. Rcc1 1/2-1/2

[Event "Seefeld-Casino op 19th"]
[Site "Seefeld/Tirol (5.9.-13.9)"]
[Date "2008.09.07"]
[Round "3.20"]
[White "Klein, Gereon"]
[Black "Voss, Ingo"]
[Result "1-0"]
[WhiteElo "1846"]
[BlackElo "2019"]
[PlyCount "67"]
[EventDate "2008.09.??"]
[EventType "swiss"]
[EventRounds "9"]
[Source "Ganslmayer"]
[SourceDate "2010.03.14"]
[WhiteTeamCountry "ITA"]
[BlackTeamCountry "AUT"]

1. Nf3 d5 2. d4 Bf5 3. Bf4 e6 4. Nbd2 c5 5. e3 Nc6 6. Bb5 Qb6 7. a4 Nf6 8. O-O
a6 9. Bxc6+ bxc6 10. b3 cxd4 11. a5 Qb7 12. exd4 Bb4 13. Ra4 O-O 14. Ne5 Rac8
15. g4 Bg6 16. h4 h5 17. Nxg6 fxg6 18. g5 Bxd2 19. Bxd2 Ne4 20. f3 Ng3 21. Re1
Qf7 22. Kh2 Nf5 23. Kh3 c5 24. dxc5 Qc7 25. Bf4 Qxc5 26. Rxe6 Kh7 27. Re5 Qf2
28. Qe2 Qxh4+ 29. Kg2 d4 30. Rxf5 gxf5 31. Rxd4 Rfe8 32. Qd3 Re1 33. g6+ Kh8
34. Bh2 1-0

[Event "Seefeld-Casino op 19th"]
[Site "Seefeld/Tirol (5.9.-13.9)"]
[Date "2008.09.07"]
[Round "3.21"]
[White "Schmidt, Wolfgang(50)"]
[Black "Ranker, Klemens"]
[Result "1/2-1/2"]
[WhiteElo "2023"]
[BlackElo "1862"]
[PlyCount "51"]
[EventDate "2008.09.??"]
[EventType "swiss"]
[EventRounds "9"]
[Source "Ganslmayer"]
[SourceDate "2010.03.14"]
[WhiteTeam "Freiburg-Zähringen SK"]
[BlackTeam "Hauptstuhl SC"]

1. e4 c5 2. Nf3 Nc6 3. d4 cxd4 4. Nxd4 d6 5. Bc4 g6 6. Nc3 Bg7 7. Be3 Bd7 8.
Qd2 a6 9. Bb3 Rc8 10. O-O-O Nf6 11. f3 O-O 12. h4 h5 13. Kb1 Na5 14. Bh6 Nxb3
15. Nxb3 Rc4 16. g4 Kh7 17. Bxg7 Kxg7 18. e5 Nxg4 19. fxg4 Bxg4 20. Rde1 dxe5
21. Qxd8 Rxd8 22. Rxe5 e6 23. Rc5 Rf4 24. Rc7 Rf2 25. Ne4 Rf5 26. Nbc5 1/2-1/2

[Event "Seefeld-Casino op 19th"]
[Site "Seefeld/Tirol (5.9.-13.9)"]
[Date "2008.09.07"]
[Round "3.22"]
[White "Erhart, Uwe"]
[Black "Lins, Philipp"]
[Result "1/2-1/2"]
[WhiteElo "1954"]
[BlackElo "2008"]
[PlyCount "66"]
[EventDate "2008.09.??"]
[EventType "swiss"]
[EventRounds "9"]
[Source "Ganslmayer"]
[SourceDate "2010.03.14"]

1. e4 d6 2. d4 Nf6 3. Nc3 c6 4. Nf3 Bg4 5. Be2 e6 6. Bg5 Be7 7. O-O O-O 8. Qd2
h6 9. Bf4 Bxf3 10. Bxf3 d5 11. e5 Nfd7 12. Ne2 f5 13. exf6 Bxf6 14. Ng3 e5 15.
dxe5 Bxe5 16. Bxe5 Nxe5 17. Be2 Nbd7 18. Rae1 Nf6 19. Qd4 Qc7 20. Nh5 Nxh5 21.
Bxh5 Rf5 22. Bd1 Nc4 23. b3 Rf4 24. Qc3 Nd6 25. Qe3 Re4 26. Qd2 Rxe1 27. Rxe1
Ne4 28. Qe3 Nf6 29. Bf3 Re8 30. Qd2 Rxe1+ 31. Qxe1 Kf7 32. g3 b6 33. a4 Qd6
1/2-1/2

[Event "Seefeld-Casino op 19th"]
[Site "Seefeld/Tirol (5.9.-13.9)"]
[Date "2008.09.07"]
[Round "3.23"]
[White "Lang, Ferdinand(49)"]
[Black "Handl, Hans"]
[Result "1-0"]
[WhiteElo "1968"]
[BlackElo "1759"]
[PlyCount "69"]
[EventDate "2008.09.??"]
[EventType "swiss"]
[EventRounds "9"]
[Source "Ganslmayer"]
[SourceDate "2010.03.14"]
[WhiteTeam "Bad Wimpfen SC"]
[BlackTeam "AUT/Hak-Innsbruck"]
[BlackTeamCountry "AUT"]

1. e4 e5 2. Nf3 Nf6 3. Nc3 d6 4. h3 Nbd7 5. Bc4 Be7 6. O-O O-O 7. d3 c6 8. Qe2
a5 9. a4 b6 10. d4 exd4 11. Nxd4 Qc7 12. Re1 Bb7 13. Bg5 Ne5 14. Ba2 Ba6 15.
Qd2 Ned7 16. Nf5 Rae8 17. Rad1 Nc5 18. Qf4 Ne6 19. Bxe6 fxe6 20. Nxe7+ Qxe7 21.
Qxd6 Qb7 22. Qe5 Nd7 23. Qg3 Kh8 24. Rd6 Rf7 25. Red1 h6 26. Be3 e5 27. Qg6 Nf6
28. Bxh6 Rg8 29. Bg5 b5 30. Rxf6 Rxf6 31. Bxf6 Rf8 32. Bxe5 b4 33. Qh6+ Kg8 34.
Qe6+ Kh8 35. Rd7 1-0

[Event "Seefeld-Casino op 19th"]
[Site "Seefeld/Tirol (5.9.-13.9)"]
[Date "2008.09.07"]
[Round "3.24"]
[White "Opitz, Christian"]
[Black "Breedveld-Schut, Carmen"]
[Result "1-0"]
[WhiteElo "1939"]
[BlackElo "1204"]
[PlyCount "99"]
[EventDate "2008.09.??"]
[EventType "swiss"]
[EventRounds "9"]
[Source "Ganslmayer"]
[SourceDate "2010.03.14"]
[BlackTeamCountry "AUT"]

1. e4 e5 2. Nf3 d6 3. d4 Nf6 4. Nc3 Nc6 5. dxe5 dxe5 6. Qxd8+ Nxd8 7. Nxe5 Bb4
8. f3 O-O 9. Bd2 Bc5 10. O-O-O Re8 11. Bg5 Be7 12. Bc4 Ne6 13. Be3 a6 14. g4 h6
15. h4 b5 16. Bxe6 Bxe6 17. g5 b4 18. Ne2 Nh7 19. gxh6 Bxa2 20. hxg7 Bf6 21.
Nd7 Bxg7 22. Rhg1 Kh8 23. Rxg7 Kxg7 24. Rg1+ Kh8 25. Bd4+ f6 26. Nxf6 Nxf6 27.
Bxf6+ Kh7 28. Rg7+ Kh6 29. b3 a5 30. Ng3 Rg8 31. Nf5+ Kh5 32. Kb2 a4 33. Kxa2
Rxg7 34. Bxg7 c5 35. bxa4 Rxa4+ 36. Kb2 Ra7 37. Bf8 c4 38. Bxb4 Kg6 39. Kc3 Ra2
40. Ne3 Kh5 41. Kxc4 Kxh4 42. Bd6 Kh3 43. Kd4 Ra4+ 44. c4 Ra6 45. c5 Ra4+ 46.
Nc4 Kg2 47. f4 Kf3 48. c6 Ra8 49. c7 Kg4 50. Nb6 1-0

[Event "Seefeld-Casino op 19th"]
[Site "Seefeld/Tirol (5.9.-13.9)"]
[Date "2008.09.07"]
[Round "3.25"]
[White "Becker, Wolfgang(11.58)"]
[Black "Moroder, Stefan"]
[Result "0-1"]
[WhiteElo "1778"]
[BlackElo "2003"]
[PlyCount "79"]
[EventDate "2008.09.??"]
[EventType "swiss"]
[EventRounds "9"]
[Source "Ganslmayer"]
[SourceDate "2010.03.14"]
[WhiteTeam "Eppingen SC"]
[BlackTeam "ITA/Gröden SK"]
[BlackTeamCountry "ITA"]

1. e4 c5 2. Nc3 Nc6 3. f4 g6 4. Nf3 Bg7 5. Bc4 d6 6. d3 e6 7. O-O Nge7 8. Qe1
Nd4 9. Nxd4 cxd4 10. Nd1 O-O 11. Qh4 d5 12. Bb3 dxe4 13. dxe4 Nc6 14. Qg3 Na5
15. Nf2 Nxb3 16. axb3 Qc7 17. Bd2 Qxc2 18. Bb4 Rd8 19. Rfc1 Qe2 20. Qg5 Bd7 21.
Rxa7 Bc6 22. Qa5 Rac8 23. Ba3 d3 24. e5 Bxg2 25. Kxg2 d2 26. Rd1 g5 27. Be7 Rd5
28. Qa1 h6 29. Ra8 Rxa8 30. Qxa8+ Kh7 31. Qc8 gxf4 32. Qc2+ Kg8 33. Qc8+ Kh7
34. Qc2+ f5 35. exf6+ Rf5 36. h4 f3+ 37. Kh3 Qxf2 38. Qxd2 Qxd2 39. Rxd2 f2 40.
Kh2 0-1

[Event "Seefeld-Casino op 19th"]
[Site "Seefeld/Tirol (5.9.-13.9)"]
[Date "2008.09.07"]
[Round "3.26"]
[White "Russ, Colin A.H."]
[Black "Schmidt, Juergen(52)"]
[Result "1/2-1/2"]
[WhiteElo "1912"]
[BlackElo "1921"]
[PlyCount "53"]
[EventDate "2008.09.??"]
[EventType "swiss"]
[EventRounds "9"]
[Source "Ganslmayer"]
[SourceDate "2010.03.14"]
[BlackTeamCountry "ITA"]

1. d4 d5 2. c4 e6 3. Nc3 Nf6 4. Bg5 Be7 5. e3 O-O 6. Nf3 c6 7. Rc1 Nbd7 8. Bd3
dxc4 9. Bxc4 Nd5 10. Bxe7 Qxe7 11. O-O Nxc3 12. Rxc3 e5 13. dxe5 Nxe5 14. Nxe5
Qxe5 15. Qe2 Bf5 16. Bd3 Bxd3 17. Rxd3 Rad8 18. Rfd1 Rxd3 19. Rxd3 Qe6 20. b3
h6 21. Qd2 Re8 22. Rd7 Re7 23. Rd8+ Kh7 24. h3 Qe4 25. Rd4 Qb1+ 26. Kh2 Qf5 27.
Qd3 1/2-1/2

[Event "Seefeld-Casino op 19th"]
[Site "Seefeld/Tirol (5.9.-13.9)"]
[Date "2008.09.07"]
[Round "3.27"]
[White "Oettinger, Hagen"]
[Black "Winter, Bernd(41)"]
[Result "1-0"]
[WhiteElo "2018"]
[BlackElo "1948"]
[PlyCount "93"]
[EventDate "2008.09.??"]
[EventType "swiss"]
[EventRounds "9"]
[Source "Ganslmayer"]
[SourceDate "2010.03.14"]
[BlackTeamCountry "ITA"]

1. d4 Nf6 2. Nf3 g6 3. g3 Bg7 4. Bg2 O-O 5. O-O d6 6. c4 c6 7. Nc3 Qa5 8. e4
Qh5 9. Re1 e5 10. d5 cxd5 11. Nxd5 Nxd5 12. Qxd5 Bg4 13. Qxb7 Nd7 14. Nh4 Rfb8
15. Qc6 Nb6 16. h3 Bd7 17. Qxa8 Rxa8 18. Bf3 Qxh4 19. gxh4 Nxc4 20. b3 Nb6 21.
Bb2 Bxh3 22. Rac1 Bf6 23. h5 Bg5 24. Rc6 Be7 25. Ba3 Bd7 26. Rc7 Bd8 27. Rc2
Be7 28. Rd1 Rc8 29. Rxc8+ Nxc8 30. hxg6 fxg6 31. Be2 g5 32. f3 h5 33. Ba6 Kf7
34. Bxc8 Bxc8 35. Bxd6 Bxd6 36. Rxd6 h4 37. Rc6 Be6 38. Rc7+ Kf6 39. Rxa7 g4
40. fxg4 Bxg4 41. Kf2 Kg5 42. b4 Kf4 43. b5 h3 44. b6 h2 45. Kg2 Bf3+ 46. Kxh2
Bxe4 47. Ra4 1-0

[Event "Seefeld-Casino op 19th"]
[Site "Seefeld/Tirol (5.9.-13.9)"]
[Date "2008.09.07"]
[Round "3.28"]
[White "Abraham, Helmut"]
[Black "Willin, Bernhard"]
[Result "0-1"]
[WhiteElo "1352"]
[BlackElo "1749"]
[PlyCount "80"]
[EventDate "2008.09.??"]
[EventType "swiss"]
[EventRounds "9"]
[Source "Ganslmayer"]
[SourceDate "2010.03.14"]
[BlackTeamCountry "ITA"]

1. Nf3 d5 2. c4 e6 3. b3 Nf6 4. Bb2 Bd6 5. d4 c6 6. e3 O-O 7. Bd3 Nbd7 8. O-O
Re8 9. Qc2 e5 10. dxe5 Nxe5 11. Nxe5 Bxe5 12. Nd2 Qd6 13. Bxe5 Rxe5 14. Nf3 Rh5
15. cxd5 Bg4 16. Rfe1 Bxf3 17. gxf3 Qxh2+ 18. Kf1 Nxd5 19. Be4 Qe5 20. f4 Qe7
21. Ke2 Nxf4+ 22. Kd1 Rc5 23. Bxh7+ Kf8 24. exf4 Rd8+ 25. Bd3 Qd6 26. Qe2 Rd5
27. Kc2 Rxd3 28. Rad1 Rxd1 29. Rxd1 Qxd1+ 30. Qxd1 Rxd1 31. Kxd1 Ke7 32. Kd2
Kd6 33. Kd3 Kd5 34. f3 c5 35. a3 b5 36. Kc3 a5 37. Kd3 a4 38. bxa4 bxa4 39. Kc3
f5 40. Kd3 c4+ 0-1

[Event "Seefeld-Casino op 19th"]
[Site "Seefeld/Tirol (5.9.-13.9)"]
[Date "2008.09.07"]
[Round "3.29"]
[White "Mertens, Klaus"]
[Black "Schett, Franz"]
[Result "1-0"]
[WhiteElo "2001"]
[BlackElo "1621"]
[PlyCount "47"]
[EventDate "2008.09.??"]
[EventType "swiss"]
[EventRounds "9"]
[Source "Ganslmayer"]
[SourceDate "2010.03.14"]
[WhiteTeam "Mainz-Mombach SV"]
[BlackTeam "AUT/Innsbruck-HAK Has"]
[BlackTeamCountry "AUT"]

1. Nf3 c5 2. c4 Nc6 3. g3 e6 4. Bg2 Be7 5. O-O Nf6 6. Nc3 a6 7. d4 cxd4 8. Nxd4
Ne5 9. b3 O-O 10. Bb2 Qc7 11. Rc1 Bc5 12. Na4 Be7 13. c5 Nc6 14. a3 Nxd4 15.
Qxd4 d5 16. cxd6 Qxd6 17. Qxd6 Bxd6 18. Rfd1 Be7 19. Nb6 Rd8 20. Rxd8+ Bxd8 21.
Nxa8 Bd7 22. Rd1 Nd5 23. Bxd5 exd5 24. Rxd5 1-0

[Event "Seefeld-Casino op 19th"]
[Site "Seefeld/Tirol (5.9.-13.9)"]
[Date "2008.09.07"]
[Round "3.30"]
[White "Stock, Juergen(56)"]
[Black "Duric, Rajko"]
[Result "1-0"]
[WhiteElo "1886"]
[BlackElo "1694"]
[PlyCount "89"]
[EventDate "2008.09.??"]
[EventType "swiss"]
[EventRounds "9"]
[Source "Ganslmayer"]
[SourceDate "2010.03.14"]
[BlackTeamCountry "AUT"]

1. d4 Nf6 2. c3 d5 3. Bg5 e6 4. f4 Be7 5. Bxf6 Bxf6 6. Nf3 Nd7 7. Nbd2 c5 8. e3
a6 9. Bd3 g6 10. O-O O-O 11. Qe1 b5 12. a3 Be7 13. g4 f5 14. gxf5 exf5 15. Ne5
Nxe5 16. fxe5 c4 17. Bc2 Bh4 18. Qe2 Qg5+ 19. Kh1 Qg4 20. Qxg4 fxg4 21. Rxf8+
Kxf8 22. Rf1+ Kg7 23. e4 Bg5 24. Rf2 Be6 25. exd5 Bxd5+ 26. Be4 Bxe4+ 27. Nxe4
Bc1 28. Kg2 Rf8 29. Nf6 Bg5 30. Nxg4 Rxf2+ 31. Nxf2 Bc1 32. Nd1 Kf7 33. Kf3 g5
34. h3 h5 35. d5 Bf4 36. Ke4 Bd2 37. Kf5 a5 38. d6 g4 39. e6+ Ke8 40. hxg4 h4
41. g5 h3 42. g6 Bh6 43. Kf6 h2 44. Nf2 Bc1 45. g7 1-0

[Event "Seefeld-Casino op 19th"]
[Site "Seefeld/Tirol (5.9.-13.9)"]
[Date "2008.09.07"]
[Round "3.31"]
[White "Vonach, Bernhard Dr"]
[Black "Rudolph, Joachim"]
[Result "1-0"]
[WhiteElo "1817"]
[BlackElo "1578"]
[PlyCount "91"]
[EventDate "2008.09.??"]
[EventType "swiss"]
[EventRounds "9"]
[Source "Ganslmayer"]
[SourceDate "2010.03.14"]
[WhiteTeam "Windach Sfr."]
[BlackTeam "Delitzsch ESV"]

1. Nf3 f5 2. d4 Nf6 3. c4 e6 4. g3 Be7 5. Bg2 c6 6. O-O d5 7. Nbd2 O-O 8. Qc2
Ne4 9. Ne5 Nxd2 10. Bxd2 Nd7 11. Nd3 Nf6 12. f3 Qb6 13. c5 Qd8 14. b4 a6 15. a4
Bd7 16. Ne5 Qe8 17. Rfe1 Qd8 18. Qb3 Re8 19. Bf1 Qc8 20. e3 Qc7 21. b5 Reb8 22.
b6 Qd8 23. a5 Rc8 24. Nd3 Rcb8 25. Nb4 Kf7 26. Bd3 g6 27. Qd1 Qe8 28. Qe2 Bf8
29. Bxa6 bxa6 30. Nxa6 Rb7 31. Nb4 Bc8 32. a6 Re7 33. Reb1 Qd7 34. Qd1 e5 35.
Qa4 exd4 36. Qxc6 dxe3 37. Bc3 d4 38. Qxd7 Rxd7 39. c6 Rd6 40. b7 Rb8 41. a7
Rxb7 42. a8=Q Rc7 43. Ra7 Rxa7 44. Qxa7+ Kg8 45. Bxd4 Rxd4 46. Qxd4 1-0

[Event "Seefeld-Casino op 19th"]
[Site "Seefeld/Tirol (5.9.-13.9)"]
[Date "2008.09.07"]
[Round "3.32"]
[White "Fischer, Gerd(59)"]
[Black "Aab, Manfred"]
[Result "1/2-1/2"]
[WhiteElo "1846"]
[BlackElo "1532"]
[PlyCount "67"]
[EventDate "2008.09.??"]
[EventType "swiss"]
[EventRounds "9"]
[Source "Ganslmayer"]
[SourceDate "2010.03.14"]

1. c4 Nf6 2. Nc3 d5 3. cxd5 Nxd5 4. g3 Nxc3 5. bxc3 g6 6. Bg2 Bg7 7. Nf3 O-O 8.
O-O c5 9. Rb1 Qc7 10. c4 Nc6 11. d3 Bd7 12. Be3 b6 13. Qd2 Rab8 14. Bh6 a6 15.
h4 b5 16. h5 b4 17. Qg5 f6 18. Qe3 Qb6 19. hxg6 hxg6 20. Nh4 Ne5 21. Bxg7 Kxg7
22. f4 Nc6 23. f5 g5 24. Ng6 Rfe8 25. Qf3 Nd4 26. Qh5 Nxf5 27. Rxf5 Bxf5 28.
Nh4 Bh7 29. Be4 Bxe4 30. dxe4 gxh4 31. Qg4+ Kf7 32. Qh5+ Kg7 33. Qg4+ Kf7 34.
Qh5+ 1/2-1/2

[Event "Seefeld-Casino op 19th"]
[Site "Seefeld/Tirol (5.9.-13.9)"]
[Date "2008.09.07"]
[Round "3.33"]
[White "Verwer, Renzo"]
[Black "Ganslmayer, Herbert"]
[Result "0-1"]
[WhiteElo "1522"]
[BlackElo "1724"]
[PlyCount "72"]
[EventDate "2008.09.??"]
[EventType "swiss"]
[EventRounds "9"]
[Source "Ganslmayer"]
[SourceDate "2010.03.14"]
[WhiteTeam "NED(Niederlande)"]
[BlackTeam "Zirndorf SK"]
[WhiteTeamCountry "NED"]

1. e4 g6 2. Bc4 Bg7 3. Nc3 d6 4. Nge2 c6 5. d3 Nd7 6. Be3 Ngf6 7. Qd2 Ng4 8.
Bg5 h6 9. Bf4 e5 10. Bg3 b5 11. Bxb5 cxb5 12. Nxb5 Qb6 13. Qb4 Bf8 14. h3 Ngf6
15. Qa4 Bb7 16. c4 Bc6 17. O-O a6 18. Nxd6+ Bxd6 19. Qc2 O-O 20. Qd2 Kg7 21.
Kh1 Nh5 22. Bh4 Qc7 23. Qc3 Ndf6 24. g4 g5 25. Bxg5 hxg5 26. gxh5 Nxh5 27. Rg1
f6 28. h4 Rh8 29. c5 Be7 30. d4 exd4 31. Nxd4 Bxe4+ 32. f3 Ng3+ 33. Kg2 Qe5 34.
b4 Nf5 35. Nxf5+ Bxf5 36. Qa3 Rxh4 0-1

[Event "Seefeld-Casino op 19th"]
[Site "Seefeld/Tirol (5.9.-13.9)"]
[Date "2008.09.07"]
[Round "3.34"]
[White "Werner, Bernd(56)"]
[Black "Lettenbichler, Marco"]
[Result "1-0"]
[WhiteElo "1721"]
[BlackElo "1508"]
[PlyCount "67"]
[EventDate "2008.09.??"]
[EventType "swiss"]
[EventRounds "9"]
[Source "Ganslmayer"]
[SourceDate "2010.03.14"]
[WhiteTeamCountry "NED"]

1. e4 e5 2. Nf3 Nc6 3. Bc4 Bc5 4. c3 Nf6 5. d4 exd4 6. cxd4 Bb4+ 7. Nc3 Nxe4 8.
O-O Nxc3 9. bxc3 Bxc3 10. Ba3 Qf6 11. Rc1 Ba5 12. d5 Ne5 13. Nxe5 Qxe5 14. Rc2
Qg5 15. Re2+ Kd8 16. Be7+ Qxe7 17. Rxe7 Kxe7 18. Qe2+ Kd8 19. d6 cxd6 20. Qh5
b6 21. Qxf7 Bb7 22. Bd5 Bxd5 23. Qxd5 Ke7 24. Rd1 Rhe8 25. Qxd6+ Kf7 26. Qxd7+
Kg8 27. Qd5+ Kh8 28. g3 Rac8 29. Qb7 Ra8 30. Rd7 Bc3 31. Qa6 Bf6 32. Rxa7 Rxa7
33. Qxa7 Bd4 34. Qd7 1-0

[Event "Seefeld-Casino op 19th"]
[Site "Seefeld/Tirol (5.9.-13.9)"]
[Date "2008.09.07"]
[Round "3.35"]
[White "Perkmann, Gottfried"]
[Black "Michel, Jan"]
[Result "1-0"]
[WhiteElo "1801"]
[BlackElo "1481"]
[PlyCount "73"]
[EventDate "2008.09.??"]
[EventType "swiss"]
[EventRounds "9"]
[Source "Ganslmayer"]
[SourceDate "2010.03.14"]
[WhiteTeamCountry "NED"]

1. e4 e5 2. f4 exf4 3. Nf3 Be7 4. Bc4 d6 5. O-O Bg4 6. d4 Nf6 7. Nc3 O-O 8.
Bxf4 Nbd7 9. Qd2 c6 10. Rae1 b5 11. Bd3 a6 12. h3 Bxf3 13. Rxf3 b4 14. Nd1 a5
15. Ne3 Nh5 16. Bh2 Bg5 17. Qe2 Bxe3+ 18. Rxe3 Nhf6 19. Bxd6 Re8 20. e5 Nd5 21.
Re4 g6 22. Qf2 Re6 23. h4 f5 24. R4e2 Qe8 25. h5 Qf7 26. Qg3 Nf8 27. Rf1 Kh8
28. Ref2 f4 29. Bxf8 Rxf8 30. hxg6 hxg6 31. Qh4+ Kg7 32. Qg5 Rh8 33. Bc4 Rh5
34. Qg4 Qg8 35. Bxd5 cxd5 36. Rxf4 Qh7 37. Rf7+ 1-0

[Event "Seefeld-Casino op 19th"]
[Site "Seefeld/Tirol (5.9.-13.9)"]
[Date "2008.09.07"]
[Round "3.36"]
[White "Dallmeier, Gerhard"]
[Black "Senn, Othmar"]
[Result "1-0"]
[WhiteElo "1693"]
[BlackElo "1653"]
[PlyCount "95"]
[EventDate "2008.09.??"]
[EventType "swiss"]
[EventRounds "9"]
[Source "Ganslmayer"]
[SourceDate "2010.03.14"]
[WhiteTeamCountry "NED"]

1. e4 d5 2. e5 Nc6 3. d4 Bf5 4. c3 e6 5. Bf4 f6 6. Nf3 Bg4 7. h3 Bh5 8. Bd3 f5
9. Nbd2 Nge7 10. Qc2 Ng6 11. Bh2 Bxf3 12. Nxf3 Nh4 13. Nxh4 Qxh4 14. O-O-O a6
15. Qd2 g6 16. Bf4 Qe7 17. Bg5 Qd7 18. g4 Be7 19. Bf6 Rf8 20. g5 O-O-O 21. Kb1
Rde8 22. h4 Kb8 23. h5 Rf7 24. hxg6 hxg6 25. Rh6 Rg8 26. Rdh1 Qe8 27. R1h3 Nd8
28. c4 Bxf6 29. exf6 Qc6 30. c5 Qa4 31. Be2 Nc6 32. R6h4 Nd8 33. Rb3 Ka7 34.
Ra3 Qd7 35. Qa5 Qc8 36. Qa4 Nc6 37. Bxa6 bxa6 38. Qxc6 Rff8 39. Rah3 Qb7 40.
Qxb7+ Kxb7 41. Rh7 Rd8 42. Re3 Kc6 43. Rxe6+ Kb5 44. b3 Kb4 45. Kb2 Kb5 46.
Rxc7 Rge8 47. Rb7+ Ka5 48. Ka3 1-0

[Event "Seefeld-Casino op 19th"]
[Site "Seefeld/Tirol (5.9.-13.9)"]
[Date "2008.09.07"]
[Round "3.37"]
[White "Egger, Herbert"]
[Black "Kliem, Klaus-Peter"]
[Result "1/2-1/2"]
[WhiteElo "1698"]
[BlackElo "1662"]
[PlyCount "61"]
[EventDate "2008.09.??"]
[EventType "swiss"]
[EventRounds "9"]
[Source "Ganslmayer"]
[SourceDate "2010.03.14"]
[WhiteTeamCountry "NED"]

1. e4 e5 2. Nf3 Nc6 3. Bb5 a6 4. Ba4 b5 5. Bb3 d6 6. h3 Nf6 7. d3 Be7 8. Nc3
Na5 9. Bg5 Nxb3 10. axb3 Bb7 11. O-O O-O 12. Ne2 Nd7 13. Bxe7 Qxe7 14. Ng3 g6
15. Nh2 f5 16. f3 f4 17. Ne2 Bc8 18. d4 Nf6 19. Qe1 g5 20. Qb4 exd4 21. Qxd4 h5
22. Rad1 Be6 23. c4 bxc4 24. bxc4 Rab8 25. e5 Nd7 26. exd6 cxd6 27. Qxd6 Qxd6
28. Rxd6 Bxc4 29. Re1 Nf6 30. Nd4 Rxb2 31. Nc6 1/2-1/2

[Event "Seefeld-Casino op 19th"]
[Site "Seefeld/Tirol (5.9.-13.9)"]
[Date "2008.09.07"]
[Round "3.38"]
[White "Loew, Bernd"]
[Black "Aufmwasser, Guenter"]
[Result "1-0"]
[WhiteElo "1498"]
[BlackElo "1553"]
[PlyCount "92"]
[EventDate "2008.09.??"]
[EventType "swiss"]
[EventRounds "9"]
[Source "Ganslmayer"]
[SourceDate "2010.03.14"]
[WhiteTeamCountry "NED"]

1. e4 c5 2. Nf3 Nc6 3. d3 d6 4. Be2 g6 5. c3 Bg7 6. Be3 Nf6 7. h3 O-O 8. Qd2 e5
9. Na3 a6 10. Nh2 b5 11. Ng4 b4 12. Nc2 bxc3 13. bxc3 Nh5 14. Nh6+ Kh8 15. Bxh5
gxh5 16. Qe2 Qf6 17. Qxh5 Qg6 18. Qxg6 fxg6 19. Ng4 Be6 20. Ke2 Rfb8 21. Bc1
Rb7 22. Nge3 Ne7 23. Na3 d5 24. exd5 Nxd5 25. Nxd5 Bxd5 26. f3 e4 27. fxe4 Bxc3
28. Rb1 Rxb1 29. Nxb1 Bd4 30. exd5 Re8+ 31. Kf3 Rf8+ 32. Ke2 Re8+ 33. Kd1 Re5
34. Bd2 Rxd5 35. Kc2 Rf5 36. g4 Rf2 37. Kb3 Rf3 38. Kc4 Kg8 39. Bh6 Rf2 40. Nd2
Kf7 41. Rf1 Ke6 42. Rxf2 Bxf2 43. Ne4 Bh4 44. Nxc5+ Kf7 45. Bf4 g5 46. Bd2 h6
1-0

[Event "Seefeld-Casino op 19th"]
[Site "Seefeld/Tirol (5.9.-13.9)"]
[Date "2008.09.08"]
[Round "4.1"]
[White "Platzgummer, Fabian"]
[Black "Van der Weide, Karel"]
[Result "1/2-1/2"]
[WhiteElo "2262"]
[BlackElo "2415"]
[PlyCount "82"]
[EventDate "2008.09.??"]
[EventType "swiss"]
[EventRounds "9"]
[Source "Ganslmayer"]
[SourceDate "2010.03.14"]
[WhiteTeamCountry "NED"]

1. e4 c5 2. c3 b6 3. d4 Bb7 4. Bd3 Nf6 5. Qe2 cxd4 6. cxd4 Nc6 7. d5 Nb4 8. Nc3
e6 9. Nf3 exd5 10. e5 Nxd3+ 11. Qxd3 Ne4 12. O-O Nc5 13. Qd1 d6 14. Re1 Ne6 15.
Nxd5 dxe5 16. Qa4+ Qd7 17. Qxd7+ Kxd7 18. Nxe5+ Ke8 19. Nc7+ Nxc7 20. Ng6+ Ne6
21. Nxh8 g6 22. Bf4 Bg7 23. Be5 Bxe5 24. Rxe5 Ke7 25. Nxf7 Kxf7 26. Rae1 Re8
27. f4 Ng7 28. a4 Rxe5 29. Rxe5 Ne6 30. f5 Nc5 31. fxg6+ hxg6 32. a5 Kf6 33.
Re3 b5 34. Rc3 Ne6 35. a6 Bxa6 36. Ra3 Bb7 37. Rxa7 Be4 38. Kf2 Ke5 39. h4 Kf4
40. g3+ Kg4 41. Rd7 Kf5 1/2-1/2

[Event "Seefeld-Casino op 19th"]
[Site "Seefeld/Tirol (5.9.-13.9)"]
[Date "2008.09.08"]
[Round "4.3"]
[White "Bronznik, Valeri"]
[Black "Kesik, Klaus-Dieter"]
[Result "1/2-1/2"]
[WhiteElo "2306"]
[BlackElo "2185"]
[PlyCount "27"]
[EventDate "2008.09.??"]
[EventType "swiss"]
[EventRounds "9"]
[Source "Ganslmayer"]
[SourceDate "2010.03.14"]

1. d4 Nf6 2. c4 g6 3. Nc3 Bg7 4. e4 d6 5. f4 O-O 6. Nf3 Na6 7. Bd3 c5 8. d5 Nc7
9. O-O e6 10. Re1 exd5 11. exd5 b5 12. cxb5 Bb7 13. Bc4 Re8 14. Be3 1/2-1/2

[Event "Seefeld-Casino op 19th"]
[Site "Seefeld/Tirol (5.9.-13.9)"]
[Date "2008.09.08"]
[Round "4.4"]
[White "Herbold, Manfred"]
[Black "Goy, Udo"]
[Result "0-1"]
[WhiteElo "2115"]
[BlackElo "2143"]
[PlyCount "144"]
[EventDate "2008.09.??"]
[EventType "swiss"]
[EventRounds "9"]
[Source "Ganslmayer"]
[SourceDate "2010.03.14"]
[WhiteTeam "Ludwigshafen Schachhaus"]
[BlackTeam "Niederkassel SG"]

1. Nf3 Nf6 2. c4 d6 3. g3 e5 4. Nc3 c6 5. d3 Be7 6. Bg2 O-O 7. O-O Nbd7 8. Ne1
a5 9. b3 Nc5 10. Bb2 Bd7 11. d4 exd4 12. Qxd4 a4 13. b4 a3 14. Bc1 Ne6 15. Qd3
d5 16. cxd5 cxd5 17. Nc2 Qc7 18. Bd2 Rfd8 19. Rfc1 Qe5 20. e3 Be8 21. Ne2 Ne4
22. Be1 Qh5 23. Ncd4 Bf6 24. Rc2 Qg6 25. Rd1 Ba4 26. Nb3 Qh5 27. f3 Nd6 28.
Ned4 Nc4 29. Bc3 Rac8 30. Rdc1 Ne5 31. Qf5 Qxf5 32. Nxf5 Bxb3 33. axb3 Nd3 34.
Bxf6 Rxc2 35. Rxc2 gxf6 36. Ra2 Ra8 37. Ne7+ Kg7 38. Nxd5 Nc1 39. Rc2 a2 40.
Rxc1 a1=Q 41. Rxa1 Rxa1+ 42. Kf2 Ra2+ 43. Kf1 Rb2 44. f4 Rxb3 45. Be4 Rb2 46.
h3 Nd8 47. Nc7 Rxb4 48. Ne8+ Kf8 49. Nxf6 h6 50. Ke2 Ne6 51. g4 Rb2+ 52. Kf3 b5
53. h4 b4 54. Nd7+ Ke7 55. Ne5 b3 56. g5 hxg5 57. hxg5 Nc5 58. Bd5 Rd2 59. Bxf7
b2 60. Ba2 Rd1 61. f5 Rf1+ 62. Kg4 b1=Q 63. f6+ Kd6 64. Nc4+ Ke6 65. Bxb1 Rxb1
66. Kh5 Ne4 67. Ne5 Kf5 68. Nf3 Nxg5 69. e4+ Nxe4 70. f7 Rb8 71. Kh6 Kf6 72.
Ne5 Rh8# 0-1